| 000 | 01045nam a2200349 a 4500 | ||
|---|---|---|---|
| 001 | vtls000046763 | ||
| 003 | NLI | ||
| 005 | 20210601185431.0 | ||
| 008 | 101125s1983 enk 000 0 eng | ||
| 020 |
_a0856354600 _c$ 8.95 |
||
| 039 | 9 |
_y201011250430 _zVLOAD |
|
| 040 | 0 |
_aNLI _beng _cVERGIS-2003 |
|
| 041 | 0 | _aeng | |
| 044 | _aenk | ||
| 082 | 0 | 4 | _a821.91 |
| 100 | 1 |
_aFraser, G.S. _9111047 |
|
| 245 | 1 | 2 |
_aA Stranger and afraid: _bthe autobiography of an intellectual/ _cG.S. Fraser |
| 260 |
_aManchester: _bCarcanet New Press, _c1983 |
||
| 300 |
_a196 p.; _c22 cm. |
||
| 600 | 1 | 0 |
_aFraser, G.S. _xBiography _9124841 |
| 650 | 0 |
_aPoets, English _y20th century _xBiography _9116430 |
|
| 887 | _aP. Prabahar | ||
| 901 |
_a489293 _b04/04/1986 |
||
| 902 | _aE 821.91 F 862 a | ||
| 903 | _a29/05/2004 | ||
| 904 | _aP. Prabahar | ||
| 906 | _a048738 | ||
| 949 |
_AVIRTUAITEM _D10000 _F1 _X100 _6PUR000489293ENG _aE 821.91 F862a |
||
| 942 |
_2ddc _cBKS |
||
| 999 |
_aVIRTUA _c51101 _d51101 |
||
| 999 | _aVTLSSORT0200*9010*9020*9030*9040*9060*9490*9991 | ||